00519nam a2200181 a 4500001001300000003000900013005001700022008004100039020001200080082001300092100002100105245006800126260003500194300000900229500003500238505005100273650001300324nice12345678IN_TiNIC20260116012726.0050524s1971 illa grp 000 0 eng  ac87.7500a230bFOR aForster, Roger T aThat`s a Good Questionb Reasonable Answers About Living Faith. aIllinoisbTyndale House c1971 a160p aincludes index and biblioraphy2 aprinted from The Muslim World, lxi, no.3, 1971 aTheology